Czasowniki - j. włoski cz.1 - Statystyki

Ogólne statystyki
  • Ten quiz został rozwiązany 310 razy
  • Średni wynik to 13 z 25
Statystyki odpowiedzi
po polsku po włosku % Poprawnych
kochać amare
80%
śpiewać cantare
75%
mieszkać abitare
72%
tańczyć ballare
72%
gotować cucinare
68%
słuchać ascoltare
66%
pomagać aiutare
62%
rozumieć capire
61%
kupować comprare
59%
kosztować costare
57%
przyjeżdżać arrivare
53%
czekać aspettare
51%
decydować decidere
49%
zamykać chiudere
46%
szukać cercare
45%
wierzyć, sądzić credere
45%
znać conoscere
43%
otwierać aprire
41%
zmieniać cambiare
41%
biec correre
41%
zaczynać cominciare
34%
tworzyć creare
34%
zapominać dimenticare
33%
pytać, prosić, wołać chiamare
32%
rosnąć crescere
26%
Nie znaleziono quizów pasujących do podanych kryteriów
Rozkład punktacji
Procent ludzi z każdym wynikiem
Percentyl według liczby udzielonych odpowiedzi
Twoja historia wyników
Nie rozwiązałeś tego quizu